000 00697nam a2200217 i 4500
001 86407
003 ES-MaACL
005 20250801154218.0
007 t|
008 041210s1957 sp ||||1| spa d
100 1 _aKarolyi, Stephan.
_967576
245 1 0 _aCristina de Suecia
_b: (la Reina incomprendida) /
_cpor Stephan Karolyi ; [traducido del alemán por Juan Ed. Benusiglio].
250 _a[1ª ed.].
260 _aBarcelona :
_bA.H.R.,
_c[1957] (
_fSaturno)
300 _a339 p. ;
_c20 cm.
490 1 _aHistoria y amor
700 1 _aBenusiglio, Juan Edmundo.
_927804
830 0 0 _aHistoria y amor
_9182274
852 _aES-MaACL
_jC-13373
_bR.41151
999 _c86407
_d86407